000 00391nam a22001577a 4500
005 20180612161113.0
008 160525b xxu||||| |||| 00| 0 eng d
020 _a81-7446-241-4
041 _aeng
082 _b5022
_a657
100 _aBanerjee, Ashok
_91265
245 _aFinancial Accounting
260 _aNew Delhi
_bAcademic Faundation
_c2004
650 _aManagement
_9241
942 _cBK
999 _c1759
_d1758